| 000 | 01455cam a2200349 a 4500 | ||
|---|---|---|---|
| 001 | EDZ0000016509 | ||
| 003 | StDuBDS | ||
| 005 | 20161031105122.0 | ||
| 006 | m||||||||d|||||||| | ||
| 007 | cr ||||||||||| | ||
| 008 | 101124s2005 caua fo 001|0|eng d | ||
| 020 |
_a9781412950558 (ebook) : _cNo price |
||
| 040 |
_aStDuBDS _beng _cStDuBDS _epn |
||
| 049 | _aAlfaisal Main Library | ||
| 050 | 4 | _aH62 | |
| 082 | 0 | 4 |
_a001.403 _222 |
| 245 | 0 | 0 |
_aEncyclopedia of evaluation _h[electronic resource] / _ceditor, Sandra Mathison. |
| 260 |
_aThousand Oaks, [Calif.] ; _aLondon : _bSAGE, _cc2005. |
||
| 300 |
_a1 online resource (xxxv, 481 p.) : _bill. |
||
| 520 | 8 | _aThe 'Encyclopedia of Evaluation' recognises the growth of evaluation around the world & highlights all the major contributions to the field. There are over 400 entries organised alphabetically. | |
| 521 | _aSpecialized. | ||
| 588 | _aDescription based on print version record. | ||
| 504 | _aIncludes bibliographical references and index. | ||
| 650 | 0 |
_aEvaluation research (Social action programs) _vEncyclopedias. |
|
| 655 | 7 |
_aElectronic books. _2local |
|
| 700 | 1 | _aMathison, Sandra. | |
| 710 | 2 | _aSage eBooks | |
| 776 | 0 | 8 |
_iPrint version : _z9780761926092 |
| 856 | 4 | 0 |
_3SAGE research methods _uhttp://methods.sagepub.com/reference/encyclopedia-of-evaluation |
| 856 | 4 | 0 | _uhttp://ezproxy.alfaisal.edu/login?url=http://sk.sagepub.com/reference/evaluation |
| 942 |
_2lcc _cEBOOKS |
||
| 999 |
_c479676 _d479676 |
||